Statistics for Страны заканчивающиеся на "ия"

Click here to take the quiz!

General Stats

  • This quiz has been taken 9 times
  • The average score is 38 of 56

Answer Stats

HintAnswer% Correct
СтранаЯпония
89%
СтранаИрландия
89%
СтранаИспания
89%
СтранаИталия
89%
СтранаНорвегия
89%
СтранаРоссия
89%
СтранаИсландия
89%
СтранаФинляндия
89%
СтранаБельгия
89%
СтранаШвеция
89%
СтранаТурция
78%
СтранаСербия
78%
СтранаФранция
78%
СтранаПортугалия
78%
СтранаАвстрия
78%
СтранаШвейцария
78%
СтранаСловакия
78%
СтранаАвстралия
78%
СтранаИндонезия
78%
СтранаЗамбия
78%
СтранаДания
78%
СтранаГермания
78%
СтранаГреция
78%
СтранаЧехия
67%
СтранаСловения
67%
СтранаГамбия
67%
СтранаХорватия
67%
СтранаЧерногория
67%
СтранаНамибия
67%
СтранаАлбания
67%
СтранаБоливия
67%
СтранаЛивия
67%
СтранаЭстония
67%
СтранаЛатвия
67%
СтранаКолумбия
67%
СтранаЭфиопия
67%
СтранаИндия
67%
СтранаБолгария
67%
СтранаБразилия
56%
СтранаИордания
56%
СтранаАрмения
56%
СтранаТанзания
56%
СтранаРумыния
56%
СтранаВеликобритания
56%
СтранаСеверная македония
56%
СтранаМонголия
56%
СтранаМалайзия
56%
СтранаГрузия
56%
СтранаЛиберия
56%
СтранаКения
56%
СтранаМавритания
56%
СтранаСирия
44%
СтранаВенгрия
44%
СтранаСаудовская аравия
44%
СтранаНигерия
44%
СтранаНоая зеландия
11%

Score Distribution

Percentile by Number Answered

Percent of People with Each Score

Your Score History

You have not taken this quiz